Missing Word: 4-Letter Movies (A-Z) Quiz Stats

 Plays Quiz Updated Jun 22, 2015

Challenge
Share
Tweet
Embed
Score 0/26 Timer 04:00
0 Plays Today
Hint Answer % Correct
My Fair ____Lady
98.4%
Gone with the ____Wind
98%
____ FictionPulp
97.6%
One Flew ____ the Cuckoo's NestOver
97.6%
____ Metal JacketFull
95.4%
A Room with a ____View
95.2%
From ____ to EternityHere
94.1%
____ BrockovichErin
93.7%
____ Dark ThirtyZero
93%
____ on the Fourth of JulyBorn
92.6%
____ the Last DanceSave
92.4%
____ RunningsCool
91.7%
The Longest ____Yard
91.1%
Hint Answer % Correct
The Imitation ____Game
90.7%
____ the WildInto
90.1%
In the ____ of the FatherName
90%
The ____ HunterDeer
89.5%
The ____ Red LineThin
89.4%
Coyote ____Ugly
88.9%
____ WindowRear
87%
Transformers: Dark of the ____Moon
83.8%
____ the Giant SlayerJack
83.8%
The Bridge on the River ____Kwai
83.5%
____: Days of Future PastX-Men
82.4%
Spirited ____Away
79.2%
____ ShowQuiz
74.8%

Today's Daily Dose

You're not logged in!

Compare scores with friends on all Sporcle quizzes.
OR
Log In

You Might Also Like...

Show Comments

Extras

Top Quizzes Today


Score Distribution

Your Account Isn't Verified!

In order to create a playlist on Sporcle, you need to verify the email address you used during registration. Go to your Sporcle Settings to finish the process.

Report this User

Report this user for behavior that violates our Community Guidelines.

Details: